<?xml version="1.0" encoding="UTF-8"?><?xml-stylesheet type="text/xsl" href="static/style.xsl"?><OAI-PMH xmlns="http://www.openarchives.org/OAI/2.0/" xmlns:xsi="http://www.w3.org/2001/XMLSchema-instance" xsi:schemaLocation="http://www.openarchives.org/OAI/2.0/ http://www.openarchives.org/OAI/2.0/OAI-PMH.xsd"><responseDate>2026-04-14T04:03:32Z</responseDate><request verb="GetRecord" identifier="oai:www.recercat.cat:20.500.12327/1744" metadataPrefix="marc">https://recercat.cat/oai/request</request><GetRecord><record><header><identifier>oai:recercat.cat:20.500.12327/1744</identifier><datestamp>2025-10-22T11:24:07Z</datestamp><setSpec>com_2072_4428</setSpec><setSpec>com_2072_4427</setSpec><setSpec>col_2072_487898</setSpec></header><metadata><record xmlns="http://www.loc.gov/MARC21/slim" xmlns:dcterms="http://purl.org/dc/terms/" xmlns:xsi="http://www.w3.org/2001/XMLSchema-instance" xmlns:doc="http://www.lyncode.com/xoai" xsi:schemaLocation="http://www.loc.gov/MARC21/slim http://www.loc.gov/standards/marcxml/schema/MARC21slim.xsd">
   <leader>00925njm 22002777a 4500</leader>
   <datafield ind2=" " ind1=" " tag="042">
      <subfield code="a">dc</subfield>
   </datafield>
   <datafield ind2=" " ind1=" " tag="720">
      <subfield code="a">de Oliveira, Nandara Soares</subfield>
      <subfield code="e">author</subfield>
   </datafield>
   <datafield ind2=" " ind1=" " tag="720">
      <subfield code="a">Ha, Natalia</subfield>
      <subfield code="e">author</subfield>
   </datafield>
   <datafield ind2=" " ind1=" " tag="720">
      <subfield code="a">da Cunha, Larissa</subfield>
      <subfield code="e">author</subfield>
   </datafield>
   <datafield ind2=" " ind1=" " tag="720">
      <subfield code="a">Cipriani, Luiz Augusto</subfield>
      <subfield code="e">author</subfield>
   </datafield>
   <datafield ind2=" " ind1=" " tag="720">
      <subfield code="a">Neto, André Thaler</subfield>
      <subfield code="e">author</subfield>
   </datafield>
   <datafield ind2=" " ind1=" " tag="720">
      <subfield code="a">Skoronski, Everton</subfield>
      <subfield code="e">author</subfield>
   </datafield>
   <datafield ind2=" " ind1=" " tag="720">
      <subfield code="a">Gisbert, Enric</subfield>
      <subfield code="e">author</subfield>
   </datafield>
   <datafield ind2=" " ind1=" " tag="720">
      <subfield code="a">Perez Fabregat, Thiago El Hadid</subfield>
      <subfield code="e">author</subfield>
   </datafield>
   <datafield ind2=" " ind1=" " tag="260">
      <subfield code="c">2022-03-09</subfield>
   </datafield>
   <datafield ind2=" " ind1=" " tag="520">
      <subfield code="a">The objective of this study was to evaluate the effect of diets containing different inclusion levels (0%, 7%, 14%, 21% and 28%) of soybean meal fermented by Lactobacillus acidophilus (SMFL) on the zootechnical performance and intestinal health of South American catfish juveniles (Rhamdia quelen). The experimental design was completely randomized with five treatments and four replications and lasted 56 days. Five isoproteic (39% crude protein) and isoenergetic (4300 kcal of gross energy kg−1) diets were formulated where SMFL was included in replacement of fish meal. Two hundred forty South American catfish juveniles (3.0 ± 0.5 g) were distributed in 20 tanks (70 L) connected in a recirculation aquaculture system. At the end of the experiment, the inclusion of SMFL up to 21% in replacement of fish meal did not affect the zootechnical performance and also decreased the concentration of Vibrionaceae bacteria present in the intestine compared to the control group. The amount of total lactic and heterotrophic bacteria, the enzymatic activity and the intestinal morphometry did not differ between dietary treatments. The results demonstrate that fermentation with Lactobacillus acidophilus enables greater inclusion of soybean protein in South American catfish diets and promotes the control of intestinal pathogenic bacteria.</subfield>
   </datafield>
   <datafield ind1="8" ind2=" " tag="024">
      <subfield code="a">de Oliveira, Nandara Soares, Natalia Ha, Larissa da Cunha, Luiz Augusto Cipriani, André Thaler Neto, Everton Skoronski, Enric Gisbert, and Thiago El Hadi Perez Fabregat. 2022. "Fermentation Of Soybean Meal With Lactobacillus Acidophilus Allows Greater Inclusion Of Vegetable Protein In The Diet And Can Reduce Vibrionacea In The Intestine Of The South American Catfish (Rhamdia Quelen)". Animals 12 (6): 690. doi:10.3390/ani12060690.</subfield>
   </datafield>
   <datafield ind1="8" ind2=" " tag="024">
      <subfield code="a">2076-2615</subfield>
   </datafield>
   <datafield ind1="8" ind2=" " tag="024">
      <subfield code="a">http://hdl.handle.net/20.500.12327/1744</subfield>
   </datafield>
   <datafield ind1="8" ind2=" " tag="024">
      <subfield code="a">https://doi.org/10.3390/ani12060690</subfield>
   </datafield>
   <datafield ind2="0" ind1="0" tag="245">
      <subfield code="a">Fermentation of Soybean Meal with Lactobacillus acidophilus Allows Greater Inclusion of Vegetable Protein in the Diet and Can Reduce Vibrionacea in the Intestine of the South American Catfish (Rhamdia quelen)</subfield>
   </datafield>
</record></metadata></record></GetRecord></OAI-PMH>